000 01378nam a22003737a 4500
003 CHAP
005 20220329133750.0
008 971013s1987 r 00010 d
010 _a10553
011 _a11525
035 _a10763
040 _cCHAP
090 _aTesis
100 0 0 _aMendoza Zamora, Cecilio.
_974770
245 _aPrincipales enfermedades fungosas y control químico de la cenicilla de la fresa (Fragaria chiloensis duchesne Var. Ananassa) en Villa Guerrero, Estado de México
260 _aChapingo, Méx. :
_bEl autor,
_c1987
300 _a126 h.
_b: ilus. ; gráfs
502 _aTesis (M. C. Esp. en Protección Vegetal) -- UACH. Departamento de Parasitología Agrícola
590 _aALEPH
_b10
_c20130110
_lUCH01
_h1227
590 _aBATCH-UPD
_b10
_c20130110
_lUCH01
_h0046
590 _aBATCH-UPD
_b10
_c20130110
_lUCH01
_h1620
590 _aBATCH-UPD
_b10
_c20130410
_lUCH01
_h1014
590 _aBATCH-UPD
_b10
_c20130914
_lUCH01
_h0908
590 _aCONVERSION
_b10
_c20130109
_lUCH01
_h1307
650 1 4 _aCenicilla de la fresa.
_920965
650 1 4 _aFresa
_xEnfermedades.
_943202
650 1 4 _aFresa
_xMéxico (Edo.)
_943224
650 1 4 _aFresa
_xVariedades.
_943235
650 1 4 _aFungicidas.
_944044
901 _aBK
942 _cFOLL
949 _bBC
_cTES
_d-22591
_eTS1
_h19954
_i10763
_si
949 _bBC
_cTES
_d33724002063587
_eTS2
_fc.2
_h19955
_i10763
_si
999 _c10553
_d10553